Gravity's Fatal Attraction : (Record no. 478565)

000 -LEADER
fixed length control field 01075cam a2200313 a 4500
001 - CONTROL NUMBER
control field 16212423
003 - CONTROL NUMBER IDENTIFIER
control field NUST
005 - DATE AND TIME OF LATEST TRANSACTION
control field 20180605033338.0
008 - FIXED-LENGTH DATA ELEMENTS--GENERAL INFORMATION
fixed length control field 100430s2010 enka b 001 0 eng
010 ## - LIBRARY OF CONGRESS CONTROL NUMBER
LC control number 2010287474
020 ## - INTERNATIONAL STANDARD BOOK NUMBER
International Standard Book Number 9780521889445 (hardback)
020 ## - INTERNATIONAL STANDARD BOOK NUMBER
International Standard Book Number 9780521717939 (pbk.)
038 ## - RECORD CONTENT LICENSOR
Staff Name SNS Library
040 ## - CATALOGING SOURCE
Original cataloging agency DLC
Transcribing agency DLC
Modifying agency DLC
050 00 - LIBRARY OF CONGRESS CALL NUMBER
Classification number QB843.B55
Item number B44 2010
082 ## - DEWEY DECIMAL CLASSIFICATION NUMBER
Classification number 523.8875 BEG 2010
Author Mark BEG
100 1# - MAIN ENTRY--PERSONAL NAME
Personal name Begelman, Mitchell C.
9 (RLIN) 10936
245 10 - TITLE STATEMENT
Title Gravity's Fatal Attraction :
Remainder of title black holes in the universe
Statement of responsibility, etc. Mitchell Begelman, Martin Rees.
250 ## - EDITION STATEMENT
Edition statement 2nd ed.
260 ## - PUBLICATION, DISTRIBUTION, ETC.
Place of publication, distribution, etc. Cambridge :
-- New York :
Name of publisher, distributor, etc. Cambridge University Press,
Date of publication, distribution, etc. 2010.
300 ## - PHYSICAL DESCRIPTION
Extent 302 p. :
Other physical details ill. (some col.) ;
Dimensions 25 cm.
504 ## - BIBLIOGRAPHY, ETC. NOTE
Bibliography, etc. note Includes bibliographical references (p. 279-280) and index.
650 #0 - SUBJECT ADDED ENTRY--TOPICAL TERM
Topical term or geographic name entry element Black holes (Astronomy)
9 (RLIN) 10598
650 #0 - SUBJECT ADDED ENTRY--TOPICAL TERM
Topical term or geographic name entry element Quasars.
9 (RLIN) 10937
700 1# - ADDED ENTRY--PERSONAL NAME
Personal name Rees, Martin J.,
Dates associated with a name 1942-
9 (RLIN) 10938
906 ## - LOCAL DATA ELEMENT F, LDF (RLIN)
a 7
b cbc
c origcop
d 2
e ocip
f 20
g y-gencatlg
942 ## - ADDED ENTRY ELEMENTS (KOHA)
Source of classification or shelving scheme
Koha item type Book
Holdings
Withdrawn status Lost status Source of classification or shelving scheme Damaged status Not for loan Permanent Location Current Location Date acquired Total Checkouts Full call number Barcode Date last seen Price effective from Koha item type
          School of Natural Sciences (SNS) School of Natural Sciences (SNS) 06/05/2018   523.8875 BEG 2010 BEG SNS0002574 06/05/2018 06/05/2018 Book
© 2023 Central Library, National University of Sciences and Technology. All Rights Reserved.